00533nam a22001577a 450000500170000001000150001702000260003203500140005803700130007208200110008524501250009626000450022127000710026630000200033770000180035720240221151703.0 aENG-139148 c450.00a9788195088423 aEN-122680 bDBAD/PUB a3202  aPolitical Parties And Indian Democracy:bCurrent Scenario of Regional Political Parties/cEdited By Poornima Ravinathan aTamil Nadu bShanlax Publication c2021 a61,66 T.P.K Main Road ,Vasantha Nagar, MaduraibTamil Nadue625003 a111p.c22cm(pb) aMarkanday,KJS